| 000 | 00817nam a2200229Ia 4500 | ||
|---|---|---|---|
| 005 | 20250507130336.0 | ||
| 008 | 008 250505s9999 xx 000 0 eng d | ||
| 020 | _a9780520245792 | ||
| 037 | _aAnnuals, Advances | ||
| 040 |
_aEASL _beng _cEASL |
||
| 041 |
_aeng _2eng |
||
| 084 |
_aY12:4.42, P6-;1 _qEASL |
||
| 100 | _aAmbaras David R. Au. | ||
| 245 | 0 | _aBad youth: Juvenile delinquency and the politics of everyday life in modern Japan | |
| 260 |
_aUSA _bBerkeley University of California Press _c2006 |
||
| 300 | _axii,297p. | ||
| 365 |
_a¥ _b8500(each) |
||
| 490 | _vV.4 | ||
| 650 |
_aProblem youth government policy Japan history; Social control Japan; Social change Japan; Japan social conditions _9755232 |
||
| 942 |
_cTEXL _hY12:4.42, P6-;1 |
||
| 999 |
_c1319127 _d1319127 |
||